000 01440nam a22004217a 4500
001 000005028
003 CHAP
005 20220329133328.0
008 971013s1991 r 00010 d
010 _a4976
011 _a5948
035 _a5164
040 _cCHAP
090 _aFolleto 13803
100 0 0 _aGarcía Moya, J. Jesús.
_946347
245 1 0 _aCría del avestruz en el municipio de Río Bravo, Estado de Tamaulipas.
260 _aChapingo, Méx. :
_bUACH. Departamento de Zootecnia,
_c1991.
300 _a36 p. :
_b: ilus.
490 1 _aExperiencias en la producción pecuaria
500 _a55-107
590 _aBATCH-UPD
_b10
_c20130110
_lUCH01
_h0008
590 _aBATCH-UPD
_b10
_c20130110
_lUCH01
_h1823
590 _aBATCH-UPD
_b10
_c20130409
_lUCH01
_h1944
590 _aBATCH-UPD
_b10
_c20130410
_lUCH01
_h1157
590 _aBATCH-UPD
_b10
_c20130914
_lUCH01
_h0452
590 _aCONVERSION
_b10
_c20130109
_lUCH01
_h1304
590 _aE5995AHE
_b05
_c20150211
_lUCH01
_h1225
650 1 4 _aAvestruz.
_98693
700 0 _aPérez Ria, José Rigoberto.
_989965
700 0 _aRosas Mancilla, Felipe.
_9100027
830 0 _aExperiencias en la producción pecuaria
_939059
901 _aBK
942 _cFOLL
942 _n0
949 _aFolleto 13803
_bBC
_cFOLL
_d-14731
_eTS1
_i5164
_si
949 _aFolleto 13803
_bBC
_cFOLL
_d-51642
_eTS2
_fc.2
_i5164
_si
949 _aFolleto 13803
_bBC
_cUACH
_d33724002179496
_eUACH
_fc.3
_i5164
_sb
999 _c4976
_d4976